Diseño curricular para la elaboración de programas de desarrollo individual: área de matemáticas

Guardado en:
Detalles Bibliográficos
Autor Corporativo: Instituto Nacional de Educación Especial (Autor)
Formato: Libro
Lenguaje:español
Publicado: Madrid Ministerio de Educación y Ciencia 1985
Edición:2a. ed
Colección:Documento, 3
Materias:
Etiquetas: Agregar Etiqueta
Sin Etiquetas, Sea el primero en etiquetar este registro!

MARC

LEADER 00000nam a2200000 a 4500
001 UCY8854
003 CL-VaPUC
008 950707e19850000SP |||||||||||||||||spa|d
082 0 4 |a 371.394  |b INS  |2 21 
110 2 |a Instituto Nacional de Educación Especial  |e author  |9 340582 
245 1 0 |a Diseño curricular para la elaboración de programas de desarrollo individual: área de matemáticas 
250 |a 2a. ed 
942 |c BK 
945 |d 19950707 00:00:00  |a mfernand 
260 |a Madrid  |b Ministerio de Educación y Ciencia  |c 1985 
650 7 |a ENSEÑANZA INDIVIDUALIZADA  |2 CL-VaPUC  |9 307241 
650 0 |a Currículo  |9 307290 
650 0 |a Planificación del currículo  |9 269599 
650 7 |a DESARROLLO DE LOS CURRICULOS  |2 CL-VaPUC  |9 338829 
650 0 |a Educación especial  |9 307486 
651 0 |a España  |9 254926 
583 |a last modification  |c 19950707 00:00:00  |k Rodrigo Vera 
490 0 |a Documento, 3 
999 |c 236041  |d 236039 
952 |0 0  |1 0  |4 0  |6 371_394000000000000_INS_1985  |7 0  |8 P  |9 243858  |a BIBEDU  |b BIBEDU  |c BIBEDU_PB  |d 2019-11-18  |i 1528785  |o 371.394 INS 1985  |p 1528785  |r 2024-01-25  |w 2019-11-18  |y BK  |k EDU